Manchester United Scorers in Premier League 2019-20 - Statistics

General Stats
  • This quiz has been taken 170 times
  • The average score is 8 of 12
Answer Stats
Player Goals % Correct
Marcus Rashford 17
99%
Bruno Fernandes 8
92%
Anthony Martial 17
91%
Harry Maguire 1
85%
Paul Pogba 1
77%
Mason Greenwood 10
73%
Victor Lindelöf 1
68%
Scott McTominay 4
66%
Jesse Lingard 1
59%
Daniel James 3
50%
Andreas Pereira 1
28%
Brandon Williams 1
25%
No matching quizzes found
Score Distribution
Percent of People with Each Score
Percentile by Number Answered
Your Score History
You have not taken this quiz